LEADER 01100nam0 2200277 450 001 000017188 005 20181011144553.0 010 $a88-14-01271-7 100 $a20081008d1987----km-y0itay50------ba 101 0 $aita 102 $aIT 105 $ay-------001yy 200 1 $a<>articolazione territoriale delle aziende di credito$eformulazione e utilizzo di un modello localizzativo bancario integrato$fCinzia Dabrassi 210 $aMilano$cGiuffrè$dstampa 1987 215 $a125 p.$d24 cm 225 2 $aUniversità L. Bocconi, Dipartimento di economia aziendale. Economia e politica delle aziende di credito$v107 300 $aSegue: Appendice statistica 410 0$12001$aUniversità L. Bocconi, Dipartimento di economia aziendale. Economia e politica delle aziende di credito 610 1 $aBanche$aOrganizzazione 676 $a332.1$v19 700 1$aDabrassi,$bCinzia$0111441 801 0$aIT$bUNIPARTHENOPE$c20081008$gRICA$2UNIMARC 912 $a000017188 951 $a332.1/140$b28311$cNAVA4 996 $aArticolazione territoriale delle aziende di credito$9887890 997 $aUNIPARTHENOPE